Did These Soccer Players Do It? - Statistics

General Stats
  • This quiz has been taken 51 times
  • The average score is 49 of 60
Answer Stats
Question Tile Select % Correct
Did Lionel Messi... Win the Serie A? No
100%
Did Lionel Messi... Win the Bundesliga? No
98%
Did Lionel Messi... Win the Copa Americá? Yes
98%
Did Lionel Messi... Win the European Championships (EUROs)? No
98%
Did Lionel Messi... Win the Premier League? No
98%
Did Lionel Messi... Win the UEFA Champions League? Yes
98%
Did Lionel Messi... Score in a World Cup Final? Yes
96%
Did Lionel Messi... Win a Ballon D'or? Yes
96%
Did Lionel Messi... Win the FIFA World Cup? Yes
96%
Did Lionel Messi... Win LaLiga? Yes
94%
Did Cristiano Ronaldo... Win the Bundesliga? No
94%
Did Cristiano Ronaldo... Score 500+ Goals in his career? Yes
92%
Did Cristiano Ronaldo... Score in a World Cup Final? No
92%
Did Pelé... Win LaLiga? No
92%
Did Pelé... Win Ligue 1? No
92%
Did Pelé... Win the Bundesliga? No
92%
Did Cristiano Ronaldo... Win the Copa Americá? No
92%
Did Pelé... Win the European Championships (EUROs)? No
92%
Did Cristiano Ronaldo... Win the FIFA World Cup? No
92%
Did Cristiano Ronaldo... Win the Premier League? Yes
92%
Did Pelé... Win the Serie A? No
92%
Did Lionel Messi... Score 500+ Goals in his career? Yes
90%
Did Cristiano Ronaldo... Win a Ballon D'or? Yes
90%
Did Cristiano Ronaldo... Win Ligue 1? No
90%
Did Zinedine Zidane... Win the Bundesliga? No
90%
Did Cristiano Ronaldo... Win the European Championships (EUROs)? Yes
90%
Did Pelé... Win the FIFA World Cup? Yes
90%
Did Pelé... Score 500+ Goals in his career? Yes
88%
Did Pelé... Score in a World Cup Final? Yes
88%
Did Zinedine Zidane... Win the Copa Americá? No
88%
Did Diego Maradona... Win the FIFA World Cup? Yes
88%
Did Pelé... Win the Premier League? No
88%
Did Cristiano Ronaldo... Win the UEFA Champions League? Yes
88%
Did Zinedine Zidane... Win the UEFA Champions League? Yes
88%
Did Diego Maradona... Win Ligue 1? No
85%
Did Diego Maradona... Win the Bundesliga? No
85%
Did Diego Maradona... Win the European Championships (EUROs)? No
85%
Did Pelé... Win the UEFA Champions League? No
85%
Did Zinedine Zidane... Win LaLiga? Yes
83%
Did Zinedine Zidane... Win the Premier League? No
83%
Did Diego Maradona... Win the Premier League? No
83%
Did Cristiano Ronaldo... Win LaLiga? Yes
81%
Did Zinedine Zidane... Win a Ballon D'or? Yes
79%
Did Lionel Messi... Win Ligue 1? Yes
79%
Did Zinedine Zidane... Win the FIFA World Cup? Yes
79%
Did Zinedine Zidane... Score 500+ Goals in his career? No
75%
Did Zinedine Zidane... Win Ligue 1? No
75%
Did Cristiano Ronaldo... Win the Serie A? Yes
73%
Did Diego Maradona... Win the UEFA Champions League? No
73%
Did Zinedine Zidane... Win the European Championships (EUROs)? Yes
71%
Did Diego Maradona... Win LaLiga? No
67%
Did Zinedine Zidane... Score in a World Cup Final? Yes
63%
Did Diego Maradona... Win the Serie A? Yes
63%
Did Pelé... Win a Ballon D'or? No
60%
Did Zinedine Zidane... Win the Serie A? Yes
58%
Did Diego Maradona... Win a Ballon D'or? No
54%
Did Diego Maradona... Score 500+ Goals in his career? No
52%
Did Diego Maradona... Score in a World Cup Final? No
35%
Did Pelé... Win the Copa Americá? No
29%
Did Diego Maradona... Win the Copa Americá? No
29%
No matching quizzes found
Score Distribution
Percent of People with Each Score
Percentile by Number Answered
Your Score History
You have not taken this quiz